00696nam a2200229 a 4500008004100000020003200041040002500073044001100098080002000109245005000129250001300179260004900192300002800241490003400269500000900303700003100312700003000343700002700373700002700400700003100427041000800458951212s1979||||CS 0 slo c c80 Kčs. q(10000 výtl.) aSNKbslocSNKeAACR2 axocSK a061.1(100)(038)10aSlovník medzinárodných organizácií  a1., vyd. aBratislavabPravdac1979eBratislavafPravda a757 s., 77,42 AHc24 cm0 aČlenská knižnica Pravda aReg.1 aKlepacki, Zbigniew M.4zos1 aServátka, Marián4prk1 aŠtefanko, Milan4prk1 aRovenský, Ján4gup1 aKlepacki, Zbigniew M.4ini aslo